000 00248nam a2200121Ia 4500
003 3228
005 20230609155649.0
008 210817s9999 xx 000 0 und d
040 _c1
082 _aEJF WILS
245 0 _aSuperdog
942 _cBK
_2ddc
_y395
_zKholofelo Moabelo
999 _c261900
_d261899